Vista normal Vista MARC

Entrada Topical Term

Número de registros utilizados en: 1

001 - CONTROL NUMBER

  • control field: 31255

003 - CONTROL NUMBER IDENTIFIER

  • control field: OSt

005 - DATE AND TIME OF LATEST TRANSACTION

  • control field: 20230915231601.0

008 - FIXED-LENGTH DATA ELEMENTS

  • fixed length control field: 230915|| aca||aabn | a|a d

040 ## - CATALOGING SOURCE

  • Original cataloging agency: OSt
  • Transcribing agency: OSt

150 ## - HEADING--TOPICAL TERM

  • Topical term or geographic name entry element: DECRETO 1660 DE 2003

670 ## - SOURCE DATA FOUND

  • Source citation: Work cat.: (OSt)30428: Colombia, leyes, decretos, etc., 27955, Decreto 1660 de 2003, 2003









Instituto Departamental de Cultura del Meta - Red Departamental de Bibliotecas Públicas del Meta.